[Event "Cali Masificacion op"]
[White "Trujillo, Otoniel"]
[Black "Oliveros, Camilo"]
[Site "Cali"]
[Round "7"]
[Result "1-0"]
[Date "2021.12.29"]
[WhiteElo "2106"]
[BlackElo "2145"]
[PlyCount "67"]
[EventDate "2021.12.26"]
[EventType "swiss"]
[EventRounds "7"]
[EventCountry "COL"]
[SourceTitle "CBM 205 Extra"]
[Source "ChessBase"]
[SourceDate "2022.01.31"]
[SourceVersion "1"]
[SourceVersionDate "2022.01.31"]
[SourceQuality "1"]

1. e4 c5 2. Nf3 Nc6 3. d4 cxd4 4. Nxd4 Qb6 5. Nxc6 bxc6 6. Be2 Nf6 7. Nc3 d6 8. 0-0 g6 9. b3 Bg7 10. Bb2 0-0 11. Bf3 Ba6 12. Re1 Rad8 13. Qd2 Qc7 14. Qf4 Nd7 15. Na4 Ne5 16. Be2 Bxe2 17. Rxe2 Rb8 18. Qg3 Rb4 19. Bc3 Rb5 20. f4 Nd7 21. Bxg7 Kxg7 22. Rae1 Nf6 23. c4 Rbb8 24. e5 dxe5 25. Rxe5 Rfe8 26. f5 Rbd8 27. Qc3 Kg8 28. fxg6 hxg6 29. h3 Qd6 30. Qe3 Qa3 31. Rxe7 Qxa2 32. Rf1 Qa3 33. c5 Kf8 34. Qe5 1-0

[Event "Cali Masificacion op"]
[White "Buitrago Grajales, Juan Carlos"]
[Black "Trujillo, Otoniel"]
[Site "Cali"]
[Round "2"]
[Result "0-1"]
[Date "2021.12.27"]
[WhiteElo "1919"]
[BlackElo "2106"]
[PlyCount "68"]
[EventDate "2021.12.26"]
[EventType "swiss"]
[EventRounds "7"]
[EventCountry "COL"]
[SourceTitle "CBM 205 Extra"]
[Source "ChessBase"]
[SourceDate "2022.01.31"]
[SourceVersion "1"]
[SourceVersionDate "2022.01.31"]
[SourceQuality "1"]

1. d4 Nf6 2. c4 e6 3. Nc3 Bb4 4. Qc2 0-0 5. Bg5 h6 6. Bh4 c5 7. e3 cxd4 8. exd4 d5 9. Nf3 Nbd7 10. Be2 dxc4 11. 0-0 Nb6 12. Rfd1 Be7 13. Ne5 Bd7 14. Bf3 Nfd5 15. Bg3 Rc8 16. Qe2 Nxc3 17. bxc3 Nd5 18. Bxd5 exd5 19. Re1 Ba3 20. Qf3 Ba4 21. Re3 b5 22. Bf4 b4 23. Bxh6 gxh6 24. Qf4 Kh7 25. Qf5+ Kh8 26. Rg3 bxc3 27. f4 Rc6 28. Nxc6 Bxc6 29. Qe5+ f6 30. Qh5 Qe7 31. Rxc3 Bd6 32. Rh3 Bxf4 33. Qg6 Qg7 34. Qf5 Bd7 0-1

[Event "Tolima Deportivo op"]
[White "Trujillo, Otoniel"]
[Black "Rodriguez, William Nicolas"]
[Site "Tolima"]
[Round "3"]
[Result "1-0"]
[Date "2021.11.13"]
[WhiteElo "2101"]
[BlackElo "1478"]
[PlyCount "103"]
[EventDate "2021.11.12"]
[EventType "swiss"]
[EventRounds "7"]
[EventCountry "COL"]
[SourceTitle "CBM 205 Extra"]
[Source "ChessBase"]
[SourceDate "2022.01.31"]
[SourceVersion "1"]
[SourceVersionDate "2022.01.31"]
[SourceQuality "1"]

1. e4 e5 2. Bc4 Nf6 3. d3 Bc5 4. Nf3 d6 5. 0-0 0-0 6. c3 Bg4 7. Nbd2 Nc6 8. Re1 h6 9. Nf1 Bb6 10. Ng3 Ne7 11. h3 Be6 12. Bb5 Ng6 13. d4 c6 14. Bd3 Qd7 15. Nf5 exd4 16. cxd4 Bxf5 17. exf5 Ne7 18. Qc2 Rac8 19. Be3 Nfd5 20. f6 Nxf6 21. Rad1 c5 22. dxc5 Bxc5 23. Bxc5 Rxc5 24. Bh7+ Nxh7 25. Qxc5 Rd8 26. Qxa7 Nc6 27. Qb6 Nf8 28. b4 Ne6 29. b5 Ne7 30. Ne5 Qc8 31. Rxd6 Rxd6 32. Qxd6 Qc3 33. Rd1 Nf5 34. Qb8+ Kh7 35. Nxf7 Ned4 36. Qh8+ Kg6 37. Ne5+ Kf6 38. Ng4+ Kg6 39. Qe8+ Kh7 40. Qe4 Kh8 41. Ne5 Qb2 42. Ng6+ Kh7 43. Nf4 Kh8 44. Qe8+ Kh7 45. Qg6+ Kh8 46. Re1 Ne2+ 47. Nxe2 Qd2 48. Qe8+ Kh7 49. Ng3 Nd6 50. Qe2 Qd5 51. Rd1 Qxb5 52. Rxd6 1-0

[Event "Bogota Grand Prix Parada Bima 3rd"]
[White "Trujillo, Otoniel"]
[Black "Campos Perilla, Sergio Felipe"]
[Site "Bogota"]
[Round "4.8"]
[Result "1-0"]
[Date "2019.11.02"]
[WhiteElo "2101"]
[BlackElo "1378"]
[PlyCount "41"]
[EventDate "2019.11.02"]
[EventType "swiss"]
[EventRounds "6"]
[EventCountry "COL"]
[SourceTitle "EXT 2024"]
[Source "ChessBase"]
[SourceDate "2023.10.10"]
[SourceVersion "1"]
[SourceVersionDate "2023.10.10"]
[SourceQuality "1"]

1. d4 Nf6 2. Nf3 g6 3. Nc3 Bg7 4. e4 d6 5. Bc4 0-0 6. Qe2 Nbd7 7. e5 Ne8 8. Bg5 dxe5 9. dxe5 h6 10. Bh4 g5 11. Bg3 Nb6 12. Rd1 Bd7 13. e6 Nxc4 14. Rxd7 Nxb2 15. Rxd8 Rxd8 16. exf7+ Rxf7 17. Be5 Rxf3 18. gxf3 Bxe5 19. Qxe5 Nf6 20. 0-0 Rd7 21. Rb1 1-0

[Event "Bogota Grand Prix Parada Bima 3rd"]
[White "Trujillo, Otoniel"]
[Black "Ferreira, Fabio Domingues"]
[Site "Bogota"]
[Round "2.2"]
[Result "1-0"]
[Date "2019.11.02"]
[WhiteElo "2101"]
[BlackElo "1600"]
[PlyCount "69"]
[EventDate "2019.11.02"]
[EventType "swiss"]
[EventRounds "6"]
[EventCountry "COL"]
[SourceTitle "EXT 2024"]
[Source "ChessBase"]
[SourceDate "2023.10.10"]
[SourceVersion "1"]
[SourceVersionDate "2023.10.10"]
[SourceQuality "1"]

1. d4 Nf6 2. Nf3 e6 3. Bg5 c5 4. c3 b6 5. e3 Bb7 6. Nbd2 Be7 7. Bd3 Qc7 8. Qe2 d6 9. 0-0-0 Nbd7 10. Kb1 a6 11. e4 e5 12. Nf1 b5 13. Ng3 g6 14. h4 h5 15. Bc1 c4 16. Bc2 a5 17. Ng5 b4 18. f4 bxc3 19. bxc3 exf4 20. Bxf4 Ng4 21. Ka1 0-0 22. Rb1 Ba6 23. Rhe1 Rfb8 24. e5 dxe5 25. dxe5 Qc5 26. e6 Bf6 27. Rxb8+ Rxb8 28. exf7+ Kh8 29. Qe8+ Nf8 30. Qxb8 Bxc3+ 31. Kb1 Bxe1 32. Bd6 Qb5+ 33. Qxb5 Bxb5 34. Bxf8 Bxg3 35. Be7 1-0

[Event "Bogota Mentes op"]
[White "Trujillo, Otoniel"]
[Black "Cuellar, Jose Gabriel"]
[Site "Bogota"]
[Round "1"]
[Result "1-0"]
[Date "2019.09.16"]
[WhiteElo "2106"]
[BlackElo "1679"]
[PlyCount "85"]
[EventDate "2019.09.16"]
[EventType "swiss"]
[EventRounds "5"]
[EventCountry "COL"]
[SourceTitle "CBM 192 Extra"]
[Source "Chessbase"]
[SourceDate "2019.11.06"]
[SourceVersion "1"]
[SourceVersionDate "2019.11.06"]
[SourceQuality "1"]

1. d4 Nf6 2. Nf3 d5 3. Nc3 c6 4. Bg5 Bf5 5. e3 Nbd7 6. Ne5 h6 7. Bf4 e6 8. Bd3 Bxd3 9. Qxd3 Be7 10. 0-0-0 Qa5 11. a3 Nxe5 12. Bxe5 0-0-0 13. f3 Ne8 14. Nb1 f6 15. Bg3 f5 16. Nd2 Nd6 17. Nb3 Qb5 18. Qxb5 Nxb5 19. Rhe1 Rhe8 20. e4 dxe4 21. fxe4 fxe4 22. Rxe4 Rd5 23. Rde1 Bf6 24. Bf2 Bg5+ 25. Kb1 Rf5 26. Bg3 Bf6 27. c3 b6 28. Rxe6 Rxe6 29. Rxe6 Kd7 30. Re1 Nc7 31. Nd2 Nd5 32. Nc4 Nf4 33. Ne3 Nxg2 34. Nxf5 Nxe1 35. Bxe1 Ke6 36. Ne3 g5 37. Kc2 h5 38. Kd3 Be7 39. Ke4 b5 40. Nf5 Bf6 41. Bg3 a5 42. Be5 Bd8 43. Ng7+ 1-0

[Event "COL sub zt 2.3.4"]
[White "Trujillo, Otoniel"]
[Black "Cadavid, Juan Miguel"]
[Site "La Dorada"]
[Round "8"]
[Result "1-0"]
[Date "2016.11.06"]
[WhiteElo "2173"]
[BlackElo "1911"]
[PlyCount "73"]
[EventDate "2016.11.02"]
[EventType "swiss"]
[EventRounds "9"]
[EventCountry "COL"]
[SourceTitle "CBM 175 Extra"]
[Source "ChessBase"]
[SourceDate "2016.12.12"]
[SourceVersion "1"]
[SourceVersionDate "2016.12.12"]
[SourceQuality "1"]

1. d4 Nf6 2. Nf3 g6 3. Bg5 Bg7 4. Nbd2 d5 5. c3 0-0 6. Bxf6 Bxf6 7. e4 dxe4 8. Nxe4 Bg7 9. Bd3 Nc6 10. a3 Bg4 11. h3 Bxf3 12. Qxf3 e5 13. d5 Ne7 14. Bc4 Nf5 15. 0-0-0 Nd6 16. Bb3 a5 17. Kb1 Nxe4 18. Qxe4 Qd6 19. h4 Qb6 20. Qc2 Qd6 21. h5 b5 22. hxg6 Qxg6 23. d6 c5 24. Bd5 Rad8 25. Qxg6 hxg6 26. Bc6 Rb8 27. d7 Rfd8 28. Rd5 b4 29. axb4 cxb4 30. c4 Rb6 31. Ba4 Rf6 32. Rxe5 Re6 33. Rxe6 fxe6 34. c5 Kf7 35. Rh7 Kg8 36. Rxg7+ Kxg7 37. c6 1-0

[Event "COL sub zt 2.3.4"]
[White "Castaneda, Victor"]
[Black "Trujillo, Otoniel"]
[Site "La Dorada"]
[Round "1"]
[Result "0-1"]
[Date "2016.11.02"]
[WhiteElo "1847"]
[BlackElo "2173"]
[PlyCount "78"]
[EventDate "2016.11.02"]
[EventType "swiss"]
[EventRounds "9"]
[EventCountry "COL"]
[SourceTitle "CBM 175 Extra"]
[Source "ChessBase"]
[SourceDate "2016.12.12"]
[SourceVersion "1"]
[SourceVersionDate "2016.12.12"]
[SourceQuality "1"]

1. c4 c6 2. g3 Nf6 3. Bg2 d5 4. Nf3 Nbd7 5. cxd5 cxd5 6. d4 e6 7. 0-0 Bd6 8. Nc3 0-0 9. Bg5 h6 10. Bxf6 Nxf6 11. Rc1 b6 12. Nb5 Bb8 13. Qc2 a5 14. Qc6 Ra6 15. a4 Bd7 16. Qc2 Qe8 17. Qd3 Ra8 18. Rc2 Ne4 19. Rfc1 Nd6 20. Nxd6 Bxd6 21. b3 b5 22. axb5 Bxb5 23. Qe3 Qb8 24. Bf1 Qb7 25. Qc3 Ba3 26. Ra1 Rac8 27. Qd2 Bb4 28. Qd1 Rxc2 29. Qxc2 Rc8 30. Qd1 Rb8 31. e3 Bxf1 32. Kxf1 Bc3 33. Ra3 Qb4 34. Qc1 Rb6 35. Ne5 f6 36. Nd3 Qf8 37. Qxc3 Qxa3 38. Qc8+ Qf8 39. Qxf8+ Kxf8 0-1

[Event "Bogota LAB Youth"]
[White "Castillo, Jorge"]
[Black "Trujillo, Otoniel"]
[Site "Bogota"]
[Round "7"]
[Result "0-1"]
[Date "2013.09.16"]
[WhiteElo "2112"]
[BlackElo "2190"]
[PlyCount "36"]
[EventDate "2013.09.13"]
[EventType "tourn"]
[EventRounds "9"]
[EventCountry "COL"]
[SourceTitle "EXT 2018"]
[Source "ChessBase"]
[SourceDate "2017.10.13"]
[SourceVersion "1"]
[SourceVersionDate "2017.10.13"]
[SourceQuality "1"]

1. e4 d5 2. exd5 Qxd5 3. Nc3 Qa5 4. d4 Nf6 5. Bd2 c6 6. Nf3 Bg4 7. h3 Bxf3 8. Qxf3 Qc7 9. Bf4 Qa5 10. 0-0-0 e6 11. Bc4 Nbd7 12. g4 Nb6 13. Bb3 0-0-0 14. g5 Qf5 15. gxf6 g5 16. Ne2 gxf4 17. Qxf4 Qxf4+ 18. Nxf4 Bh6 0-1

[Event "Sicopweb CC U20"]
[White "Ruiz Castillo, Joshua Daniel"]
[Black "Trujillo, Otoniel"]
[Site "Columbia"]
[Round "8"]
[Result "1-0"]
[Date "2012.11.22"]
[WhiteElo "2178"]
[BlackElo "2224"]
[PlyCount "35"]
[EventDate "2012.11.19"]
[EventType "tourn"]
[EventRounds "9"]
[EventCountry "COL"]
[SourceTitle "EXT 2014"]
[Source "ChessBase"]
[SourceDate "2013.11.20"]
[SourceVersion "1"]
[SourceVersionDate "2013.11.20"]
[SourceQuality "1"]

1. e4 c6 2. d4 d5 3. exd5 cxd5 4. c4 Nf6 5. Nc3 Nc6 6. Nf3 Bg4 7. cxd5 Nxd5 8. Qb3 Bxf3 9. gxf3 e6 10. Qxb7 Nxd4 11. Bb5+ Nxb5 12. Qc6+ Ke7 13. Qxb5 Nxc3 14. bxc3 f6 15. Ba3+ Kf7 16. Qb7+ Be7 17. Rd1 Qe8 18. Rd7 1-0

[Event "Sicopweb CC U20"]
[White "Trujillo, Otoniel"]
[Black "Rivera, Alberto"]
[Site "Columbia"]
[Round "9"]
[Result "1/2-1/2"]
[Date "2012.11.22"]
[WhiteElo "2224"]
[BlackElo "2321"]
[PlyCount "30"]
[EventDate "2012.11.19"]
[EventType "tourn"]
[EventRounds "9"]
[EventCountry "COL"]
[SourceTitle "EXT 2014"]
[Source "ChessBase"]
[SourceDate "2013.11.20"]
[SourceVersion "1"]
[SourceVersionDate "2013.11.20"]
[SourceQuality "1"]

1. d4 d5 2. c4 c6 3. Nc3 Nf6 4. Nf3 e6 5. Bg5 Be7 6. e3 0-0 7. Bd3 dxc4 8. Bxc4 Nbd7 9. 0-0 b5 10. Be2 Bb7 11. a3 a6 12. b4 Nb6 13. Rc1 Nbd5 14. Nxd5 Nxd5 15. Bxe7 Qxe7 1/2-1/2

[Event "Sicopweb CC U20"]
[White "Castillo, Jorge"]
[Black "Trujillo, Otoniel"]
[Site "Columbia"]
[Round "1"]
[Result "0-1"]
[Date "2012.11.19"]
[WhiteElo "2115"]
[BlackElo "2224"]
[PlyCount "24"]
[EventDate "2012.11.19"]
[EventType "tourn"]
[EventRounds "9"]
[EventCountry "COL"]
[SourceTitle "EXT 2014"]
[Source "ChessBase"]
[SourceDate "2013.11.20"]
[SourceVersion "1"]
[SourceVersionDate "2013.11.20"]
[SourceQuality "1"]

1. c4 Nf6 2. b3 c6 3. Nf3 d5 4. d4 e6 5. c5 Nbd7 6. Nc3 b6 7. b4 a5 8. Ba3 axb4 9. Bxb4 bxc5 10. Bxc5 Nxc5 11. dxc5 Bxc5 12. Ne5 Bb4 0-1

[Event "Bogota op 01"]
[White "Martinez Baquero, Hugo Esteban"]
[Black "Trujillo, Otoniel"]
[Site "Bogota"]
[Round "7"]
[Result "0-1"]
[Date "2012.01.29"]
[WhiteElo "1938"]
[BlackElo "2249"]
[PlyCount "66"]
[EventDate "2012.01.26"]
[EventType "swiss"]
[EventRounds "7"]
[EventCountry "COL"]
[SourceTitle "CBM 146 Extra"]
[Source "ChessBase"]
[SourceDate "2012.02.29"]
[SourceVersion "1"]
[SourceVersionDate "2012.02.29"]
[SourceQuality "1"]

1. d4 Nf6 2. c4 g6 3. Nc3 Bg7 4. e4 d6 5. Nf3 0-0 6. Be2 Nc6 7. h3 e5 8. d5 Ne7 9. Be3 Nh5 10. g4 Nf4 11. Bxf4 exf4 12. Qd3 f5 13. exf5 gxf5 14. g5 Ng6 15. 0-0-0 Ne5 16. Qd2 Nxf3 17. Bxf3 Qxg5 18. Rhg1 Qf6 19. Rg2 Kh8 20. Rdg1 Bh6 21. Ne2 Bd7 22. Kb1 Rg8 23. Qd4 Qxd4 24. Nxd4 Rxg2 25. Rxg2 Rg8 26. Kc2 Re8 27. Rg1 Bg7 28. Kd3 Bf6 29. b4 Bh4 30. Rg2 Re1 31. Ne2 Rd1+ 32. Kc3 Bf6+ 33. Kb3 Rd3+ 0-1

[Event "Bogota op 01"]
[White "Trujillo, Otoniel"]
[Black "Barajas, Ivan"]
[Site "Bogota"]
[Round "4"]
[Result "1-0"]
[Date "2012.01.27"]
[WhiteElo "2249"]
[BlackElo "1821"]
[PlyCount "49"]
[EventDate "2012.01.26"]
[EventType "swiss"]
[EventRounds "7"]
[EventCountry "COL"]
[SourceTitle "CBM 146 Extra"]
[Source "ChessBase"]
[SourceDate "2012.02.29"]
[SourceVersion "1"]
[SourceVersionDate "2012.02.29"]
[SourceQuality "1"]

1. d4 d5 2. Nf3 Nf6 3. c4 dxc4 4. e3 e6 5. Bxc4 c5 6. 0-0 cxd4 7. exd4 Be7 8. Nc3 Nbd7 9. Qe2 0-0 10. Re1 Re8 11. Bxe6 Bb4 12. Bxf7+ Kxf7 13. Qc4+ Kf8 14. Qxb4+ Kg8 15. Bf4 h6 16. Qb3+ Kh8 17. Nb5 a6 18. Nd6 Rxe1+ 19. Rxe1 Qb6 20. Nf7+ Kg8 21. Nxh6+ Kh8 22. Re8+ Kh7 23. Qc2+ g6 24. Re7+ Kh8 25. Qxg6 1-0

[Event "Bogota Mayores Distrital op 11"]
[White "Tapia, Daniel"]
[Black "Trujillo, Otoniel"]
[Site "Bogota"]
[Round "5.2"]
[Result "1-0"]
[Date "2011.11.13"]
[WhiteElo "2280"]
[BlackElo "2248"]
[PlyCount "57"]
[EventDate "2011.11.11"]
[EventType "swiss"]
[EventRounds "7"]
[EventCountry "COL"]
[SourceTitle "EXT 2024"]
[Source "ChessBase"]
[SourceDate "2023.10.10"]
[SourceVersion "1"]
[SourceVersionDate "2023.10.10"]
[SourceQuality "1"]

1. e4 c6 2. d4 d5 3. exd5 cxd5 4. c4 Nf6 5. Nc3 Nc6 6. Nf3 Bg4 7. cxd5 Nxd5 8. Qb3 Bxf3 9. gxf3 Nb6 10. Be3 e5 11. d5 Nd4 12. Bxd4 exd4 13. Bb5+ Nd7 14. 0-0-0 Bc5 15. Rhe1+ Kf8 16. Ne4 Rc8 17. Kb1 Nf6 18. d6 Nxe4 19. d7 Nd6 20. Re5 f6 21. Re8+ Nxe8 22. dxe8Q+ Qxe8 23. Bxe8 Rxe8 24. Qxb7 Bb6 25. a4 h5 26. b4 d3 27. Rxd3 Bxf2 28. Rd7 Rh7 29. Qd5 1-0

[Event "Bogota Mayores Distrital op 07"]
[White "Ruiz Castillo, Joshua Daniel"]
[Black "Trujillo, Otoniel"]
[Site "Bogota"]
[Round "7"]
[Result "0-1"]
[Date "2011.07.24"]
[WhiteElo "2148"]
[BlackElo "2261"]
[PlyCount "64"]
[EventDate "2011.07.20"]
[EventType "swiss"]
[EventRounds "7"]
[EventCountry "COL"]
[SourceTitle "EXT 2012"]
[Source "ChessBase"]
[SourceDate "2011.11.24"]
[SourceVersion "1"]
[SourceVersionDate "2011.11.24"]
[SourceQuality "1"]

1. e4 c6 2. d4 d5 3. Nc3 dxe4 4. Nxe4 Bf5 5. Ng3 Bg6 6. h4 h6 7. Nf3 Nd7 8. h5 Bh7 9. Bd3 Bxd3 10. Qxd3 e6 11. Bd2 Ngf6 12. 0-0-0 Qc7 13. c4 0-0-0 14. Kb1 Bd6 15. Ne4 Be7 16. Bc3 Qb6 17. Nxf6 Bxf6 18. Rhe1 Rhe8 19. Qc2 Qa6 20. c5 Qb5 21. Rc1 Nf8 22. Re3 Rd5 23. Nd2 Be7 24. g4 Bg5 25. Rf3 f5 26. gxf5 Qe2 27. fxe6 Nxe6 28. Qg6 Nxd4 29. Bxd4 Rxd4 30. Nb3 Bxc1 31. Nxc1 Qe4+ 32. Qxe4 Rdxe4 0-1

[Event "Bogota Mayores Distrital op 07"]
[White "Trujillo, Otoniel"]
[Black "Romo Bucheli, David"]
[Site "Bogota"]
[Round "6"]
[Result "1-0"]
[Date "2011.07.24"]
[WhiteElo "2261"]
[BlackElo "2036"]
[PlyCount "33"]
[EventDate "2011.07.20"]
[EventType "swiss"]
[EventRounds "7"]
[EventCountry "COL"]
[SourceTitle "EXT 2012"]
[Source "ChessBase"]
[SourceDate "2011.11.24"]
[SourceVersion "1"]
[SourceVersionDate "2011.11.24"]
[SourceQuality "1"]

1. d4 Nf6 2. Nf3 e6 3. Nbd2 c5 4. c3 b6 5. e4 cxd4 6. cxd4 d5 7. e5 Nfd7 8. Bd3 Be7 9. Qe2 0-0 10. h4 a5 11. Bxh7+ Kxh7 12. Ng5+ Kg6 13. Qd3+ f5 14. exf6+ Kxf6 15. h5 Bb4 16. Qg6+ Ke7 17. Qxe6# 1-0

[Event "Bogota Mayores Distrital op 07"]
[White "Giron, Yorman Omar"]
[Black "Trujillo, Otoniel"]
[Site "Bogota"]
[Round "5"]
[Result "0-1"]
[Date "2011.07.23"]
[WhiteElo "1885"]
[BlackElo "2261"]
[PlyCount "62"]
[EventDate "2011.07.20"]
[EventType "swiss"]
[EventRounds "7"]
[EventCountry "COL"]
[SourceTitle "EXT 2012"]
[Source "ChessBase"]
[SourceDate "2011.11.24"]
[SourceVersion "1"]
[SourceVersionDate "2011.11.24"]
[SourceQuality "1"]

1. e4 c6 2. d4 d5 3. e5 Bf5 4. f4 h5 5. Nf3 e6 6. c4 Ne7 7. Nc3 h4 8. Be2 dxc4 9. Bxc4 Nd7 10. b3 Qa5 11. Bd2 Qc7 12. Be3 Nb6 13. Kf2 0-0-0 14. Qe2 Ned5 15. Nxd5 Nxd5 16. Bxd5 Rxd5 17. Rhd1 Ba3 18. h3 f6 19. Bc1 Be7 20. Bb2 g5 21. fxg5 fxg5 22. Nd2 Rg8 23. Rg1 g4 24. hxg4 Bxg4 25. Nf3 h3 26. gxh3 Bh4+ 27. Nxh4 Bxe2 28. Rxg8+ Rd8 29. Rag1 Qf7+ 30. Kxe2 Rxg8 31. Rxg8+ Qxg8 0-1

[Event "Bogota Mayores Distrital op 06"]
[White "Trujillo, Otoniel"]
[Black "Perez Olarte, Cesar Camilo"]
[Site "Bogota"]
[Round "6"]
[Result "1-0"]
[Date "2011.06.19"]
[WhiteElo "2241"]
[BlackElo "2243"]
[PlyCount "87"]
[EventDate "2011.06.16"]
[EventType "swiss"]
[EventRounds "7"]
[EventCountry "COL"]
[SourceTitle "EXT 2012"]
[Source "ChessBase"]
[SourceDate "2011.11.24"]
[SourceVersion "1"]
[SourceVersionDate "2011.11.24"]
[SourceQuality "1"]

1. d4 Nf6 2. e3 e6 3. Bd3 Be7 4. Nf3 b6 5. Nbd2 Bb7 6. 0-0 0-0 7. e4 d5 8. e5 Ne4 9. Qe2 Nxd2 10. Nxd2 c5 11. Qh5 g6 12. Qg4 Nc6 13. Nf3 cxd4 14. Bh6 Re8 15. Bb5 Qc8 16. Qf4 Ba6 17. a4 Bxb5 18. axb5 Nd8 19. Nxd4 a6 20. Rfc1 axb5 21. Rxa8 Qxa8 22. Nxb5 Qc6 23. Nd6 Bxd6 24. exd6 f5 25. Qe5 Qd7 26. c4 Nc6 27. Qf6 d4 28. c5 b5 29. Ra1 Rc8 30. Ra6 Nb8 31. c6 Nxc6 32. Rxc6 Ra8 33. h4 d3 34. Qe5 d2 35. Bxd2 Qxc6 36. Bc3 Ra1+ 37. Kh2 Ra7 38. Qh8+ Kf7 39. Qxh7+ Ke8 40. Qg8+ Kd7 41. Qf7+ Kc8 42. Qxa7 Qxd6+ 43. g3 f4 44. Qa8+ 1-0

[Event "Bogota Mayores Distrital op 06"]
[White "Trujillo, Otoniel"]
[Black "Romo Bucheli, David"]
[Site "Bogota"]
[Round "5"]
[Result "1-0"]
[Date "2011.06.18"]
[WhiteElo "2241"]
[BlackElo "2014"]
[PlyCount "65"]
[EventDate "2011.06.16"]
[EventType "swiss"]
[EventRounds "7"]
[EventCountry "COL"]
[SourceTitle "EXT 2012"]
[Source "ChessBase"]
[SourceDate "2011.11.24"]
[SourceVersion "1"]
[SourceVersionDate "2011.11.24"]
[SourceQuality "1"]

1. d4 Nf6 2. Nf3 e6 3. Bg5 Be7 4. Nbd2 0-0 5. e4 d5 6. Bd3 dxe4 7. Bxe4 Nxe4 8. Nxe4 b6 9. h4 Bb7 10. Qd3 Nd7 11. 0-0-0 f6 12. Bf4 c5 13. h5 c4 14. Qxc4 Bd5 15. Qd3 Rc8 16. Nc3 Bc4 17. Qe4 f5 18. Qe3 Nf6 19. Ne5 Nd5 20. Nxd5 Qxd5 21. b3 Ba3+ 22. Kb1 Ba6 23. h6 Rc7 24. Nc4 Rxc4 25. bxc4 Qa5 26. Qxe6+ Rf7 27. Rh3 Qb4+ 28. Rb3 Bxc4 29. Qc8+ Rf8 30. Rxb4 Rxc8 31. Ra4 Bf8 32. Rxa7 Bd5 33. f3 1-0

[Event "Bogota MAYO op"]
[White "Trujillo, Otoniel"]
[Black "Rios Parra, Alejandro"]
[Site "Bogota"]
[Round "5"]
[Result "0-1"]
[Date "2011.05.21"]
[WhiteElo "2241"]
[BlackElo "2345"]
[PlyCount "110"]
[EventDate "2011.05.19"]
[EventType "swiss"]
[EventRounds "7"]
[EventCountry "COL"]
[SourceTitle "CBM 142 Extra"]
[Source "ChessBase"]
[SourceDate "2011.06.27"]
[SourceVersion "1"]
[SourceVersionDate "2011.06.27"]
[SourceQuality "1"]

1. d4 Nf6 2. Nf3 e6 3. Bg5 c5 4. c3 cxd4 5. cxd4 Bb4+ 6. Nc3 h6 7. Bxf6 Qxf6 8. e4 0-0 9. e5 Qd8 10. Bd3 d5 11. exd6 Qxd6 12. 0-0 Bxc3 13. bxc3 Nd7 14. Qe2 Rd8 15. Rfe1 Rb8 16. Ne5 Nxe5 17. Qxe5 Qxe5 18. Rxe5 Bd7 19. a4 Rbc8 20. Re3 Kf8 21. Bc2 Bc6 22. a5 Bd5 23. f4 g6 24. Kf2 h5 25. h3 h4 26. g4 hxg3+ 27. Kxg3 Kg7 28. Kf2 Kf6 29. Ra4 Rd6 30. Ke2 Rdc6 31. Kd2 Rh8 32. Rg3 Rh4 33. Bd3 Rc7 34. c4 Bc6 35. Ra1 Rxf4 36. Ke3 Rh4 37. a6 b6 38. Rf1+ Ke7 39. Rf4 Rxf4 40. Kxf4 Rd7 41. Ke3 Rd8 42. Be4 Bxe4 43. Kxe4 Rh8 44. Kd3 Rh5 45. c5 bxc5 46. Kc4 cxd4 47. Rb3 Kf6 48. Rb7 Rxh3 49. Rxa7 Ra3 50. Kxd4 e5+ 51. Kd5 Ra5+ 52. Kc6 e4 53. Kb6 Ra1 54. Rc7 e3 55. Rc6+ Kg5 0-1